000
00264nam a2200109Ia 4500
008
220204s9999 xx 000 0 und d
082
_a
033
_b
LEW
100
_a
LEWIS, A W
245
0
_a
Economic survey 1919-1939
260
_a
London
_b
George Allen
_c
1978
942
_c
BK
999
_c
32344
_d
32344